[Event "GER-ch 79th"]
[Site "Bad Woerishofen "]
[Date "2008.02.15"]
[Round "1"]
[White "Bischoff, Klaus"]
[Black "Gschnitzer, Oswald"]
[Result "1-0"]
[WhiteElo "2537"]
[BlackElo "2408"]
[EventDate "2008.02.15"]
[PlyCount "67"]

1. Nf3 c5 2. c4 Nc6 3. Nc3 e5 4. e3 Nf6 5. b3 Be7 6. Bb2 O-O 7. Qb1 d6 8. Be2 Bg4 9. h3 Bh5 10. d3 h6 11. O-O Bg6 12. Rd1 d5 13. cxd5 Nxd5 14. a3 Nc7 15. Qa2 Qd7 16. Rac1 Ne6 17. b4 cxb4 18. Nd5 Bd6 19. axb4 f6 20. b5 Ne7 21. d4 e4 22. Ne5 fxe5 23. dxe5 Nxd5 24. Qxd5 Qf7 25. exd6 Qxf2+ 26. Kh1 Bf7 27. Qd2 Qg3 28. Rf1 Ng5 29. Bg4 Rad8 30. d7 h5 31. Qd4 Ne6 32. Bxe6 Bxe6 33. Rxf8+ Rxf8 34. d8=Q 1-0

[Event "GER-ch 79th"]
[Site "Bad Woerishofen "]
[Date "2008.02.15"]
[Round "1"]
[White "Chevelevitch, Evgueni"]
[Black "Buhmann, Rainer"]
[Result "1/2-1/2"]
[WhiteElo "2456"]
[BlackElo "2570"]
[EventDate "2008.02.15"]
[PlyCount "41"]

1. e4 e6 2. d4 d5 3. Nd2 c5 4. Ngf3 cxd4 5. exd5 Qxd5 6. Bc4 Qd6 7. O-O Nf6 8. Nb3 Nc6 9. Nbxd4 Nxd4 10. Qxd4 Qxd4 11. Nxd4 Bd7 12. Bf4 Rc8 13. Bb3 Bc5 14. Rad1 O-O 15. h3 Rfd8 16. c3 Be8 17. Be3 Nd5 18. Nxe6 fxe6 19. Bxc5 Rxc5 20. c4 Bc6 21. Rd2 1/2-1/2

[Event "GER-ch 79th"]
[Site "Bad Woerishofen "]
[Date "2008.02.15"]
[Round "1"]
[White "Graf, Felix"]
[Black "Gschwendtner, Michael"]
[Result "1-0"]
[WhiteElo "2177"]
[BlackElo "2301"]
[EventDate "2008.02.15"]
[PlyCount "77"]

1. d4 d5 2. c4 dxc4 3. Nf3 Nf6 4. e3 g6 5. Bxc4 Bg7 6. b4 O-O 7. O-O Ne4 8. Bd3 Nd6 9. Bb2 Nc6 10. a3 Bf5 11. Bxf5 gxf5 12. Nbd2 e6 13. Ne5 Ne7 14. Qe2 Ne4 15. Nxe4 fxe4 16. f3 f6 17. Nc4 exf3 18. Rxf3 f5 19. Ne5 Ng6 20. Nxg6 hxg6 21. Rc1 c6 22. Rff1 Qd7 23. Qf2 a5 24. b5 cxb5 25. Qg3 f4 26. Rxf4 Rxf4 27. Qxf4 Rc8 28. Rxc8+ Qxc8 29. Qg5 Qc4 30. Qd8+ Bf8 31. Qxa5 Qb3 32. Qd2 Bxa3 33. Bxa3 Qxa3 34. d5 Qa1+ 35. Kf2 Kf7 36. d6 Ke8 37. Qc2 Qf6+ 38. Ke2 Qd8 39. Qxg6+ 1-0

[Event "GER-ch 79th"]
[Site "Bad Woerishofen "]
[Date "2008.02.15"]
[Round "1"]
[White "Grimberg, Boris"]
[Black "Namyslo, Holger"]
[Result "1-0"]
[WhiteElo "2261"]
[BlackElo "2327"]
[EventDate "2008.02.15"]
[PlyCount "109"]

1. e4 c5 2. Nf3 e6 3. c3 d5 4. exd5 exd5 5. d4 Nf6 6. Bb5+ Bd7 7. Bxd7+ Nbxd7 8. O-O Be7 9. Nbd2 O-O 10. dxc5 Nxc5 11. Nb3 Nce4 12. Bf4 Re8 13. Qd3 Bd6 14. Bxd6 Qxd6 15. Rad1 Rad8 16. Nbd4 Qf4 17. Ne2 Qc7 18. Ned4 a6 19. Qc2 Qc4 20. Qb3 Nc5 21. Qa3 Nce4 22. h3 Qc8 23. Qb3 Nh5 24. Qc2 Nf4 25. Kh2 Qc7 26. g3 Nh5 27. Rg1 Nhf6 28. Nf5 Nd6 29. N3d4 Nxf5 30. Nxf5 Qc4 31. Ne3 Qc6 32. Rd4 Ne4 33. Rgd1 Ng5 34. Qf5 Re5 35. Rxd5 Rdxd5 36. Rxd5 Rxe3 37. fxe3 Ne6 38. e4 Qc4 39. Rd2 g6 40. Qd5 Qf1 41. Qd3 Qf6 42. Kg2 h5 43. Rf2 Qe7 44. e5 b5 45. h4 Ng7 46. Qe4 Qe6 47. b3 Nf5 48. c4 Qb6 49. Re2 bxc4 50. bxc4 Nd4 51. Rd2 Nf5 52. e6 fxe6 53. Rd7 Ng7 54. Qa8+ Kh7 55. Qb7 1-0

[Event "GER-ch 79th"]
[Site "Bad Woerishofen "]
[Date "2008.02.15"]
[Round "1"]
[White "Gustafsson, Jan"]
[Black "Tischbierek, Raj"]
[Result "1-0"]
[WhiteElo "2607"]
[BlackElo "2487"]
[EventDate "2008.02.15"]
[PlyCount "61"]

1. d4 d5 2. c4 c6 3. Nf3 Nf6 4. Nc3 dxc4 5. a4 Bg4 6. Ne5 Bh5 7. f3 e6 8. g4 Nd5 9. h4 Bb4 10. Bd2 Be7 11. e4 Bxh4+ 12. Ke2 Bg6 13. exd5 cxd5 14. f4 Nc6 15. Be3 Nxe5 16. dxe5 f5 17. exf6 Bxf6 18. g5 Be7 19. Qd4 O-O 20. Bh3 Qd6 21. Nb5 Bd3+ 22. Kd1 e5 23. Qxd3 cxd3 24. Nxd6 Bxd6 25. Be6+ Kh8 26. f5 d4 27. g6 h6 28. Bg1 Rad8 29. Kd2 e4 30. Rxh6+ gxh6 31. Bxd4+ 1-0

[Event "GER-ch 79th"]
[Site "Bad Woerishofen "]
[Date "2008.02.15"]
[Round "1"]
[White "Hausrath, Daniel"]
[Black "Bastian, Herbert"]
[Result "1/2-1/2"]
[WhiteElo "2507"]
[BlackElo "2385"]
[EventDate "2008.02.15"]
[PlyCount "98"]

1. Nf3 Nf6 2. g3 g6 3. Bg2 Bg7 4. O-O O-O 5. d4 d6 6. Re1 Nbd7 7. e4 e5 8. Nc3 c6 9. a4 a5 10. h3 Re8 11. dxe5 dxe5 12. Be3 Qe7 13. Nd2 Nf8 14. Nc4 Rd8 15. Qc1 N6d7 16. Nb1 Ne6 17. Nbd2 Ra6 18. Nb3 Qb4 19. Ncxa5 Ndc5 20. Nxc5 Nxc5 21. Bxc5 Qxc5 22. Nb3 Qb4 23. Rd1 Re8 24. Ra3 Be6 25. c3 Qb6 26. a5 Qa7 27. Qc2 Bf8 28. Raa1 c5 29. c4 Ra8 30. Qc3 Qb8 31. Bf1 Qc7 32. Ra3 Be7 33. Rda1 h5 34. h4 g5 35. hxg5 Bxg5 36. Nd2 Bg4 37. Nf3 Bf6 38. Nh2 Bd7 39. Qf3 h4 40. Ng4 Bg7 41. Ne3 hxg3 42. fxg3 Rxa5 43. Nd5 Qd8 44. Rxa5 Rxa5 45. Rxa5 Qxa5 46. Nf6+ Bxf6 47. Qxf6 Qd2 48. Qxe5 Qe3+ 49. Kg2 Bc6 1/2-1/2

[Event "GER-ch 79th"]
[Site "Bad Woerishofen "]
[Date "2008.02.15"]
[Round "1"]
[White "Kachiani Gersinska, Ketino"]
[Black "Braun, Arik"]
[Result "0-1"]
[WhiteElo "2395"]
[BlackElo "2536"]
[EventDate "2008.02.15"]
[PlyCount "54"]

1. d4 d5 2. c4 dxc4 3. Nf3 Nf6 4. e3 e6 5. Bxc4 c5 6. Qe2 a6 7. dxc5 Bxc5 8. O-O Nc6 9. e4 b5 10. Bb3 Nd4 11. Nxd4 Qxd4 12. Be3 Qxe4 13. Nd2 Qf5 14. g4 Qe5 15. Qf3 Bd6 16. Qc6+ Ke7 17. Nf3 Qe4 18. Qxe4 Nxe4 19. Nd4 Bb7 20. f4 h5 21. g5 g6 22. f5 gxf5 23. Nxf5+ exf5 24. Rxf5 Raf8 25. Raf1 f6 26. h4 Ng3 27. gxf6+ Kd7 0-1

[Event "GER-ch 79th"]
[Site "Bad Woerishofen "]
[Date "2008.02.15"]
[Round "1"]
[White "Kesten, Sebastian"]
[Black "Jorczik, Julian Marcel"]
[Result "0-1"]
[WhiteElo "2048"]
[BlackElo "2286"]
[EventDate "2008.02.15"]
[PlyCount "106"]

1. d4 Nf6 2. c4 g6 3. Nc3 Bg7 4. e4 d6 5. Be2 O-O 6. Nf3 e5 7. O-O Nc6 8. d5 Ne7 9. Ne1 Nd7 10. Be3 f5 11. f3 f4 12. Bf2 g5 13. Rc1 Ng6 14. c5 Nxc5 15. b4 Na6 16. Nb5 Bd7 17. Nxa7 h5 18. Bxa6 bxa6 19. Qc2 Rf7 20. Qxc7 Qf8 21. Qb7 Bb5 22. Qxa8 Qxa8 23. Rc8+ Qxc8 24. Nxc8 Bf8 25. a4 Bxa4 26. Na7 Rb7 27. b5 axb5 28. Nd3 g4 29. Nc6 Rg7 30. fxg4 hxg4 31. Rc1 Nh8 32. Nb2 g3 33. hxg3 fxg3 34. Be1 Rg4 35. Nxa4 bxa4 36. Rc4 Nf7 37. Bd2 a3 38. Ra4 Bh6 39. Bxh6 Nxh6 40. Rxa3 Rxe4 41. Rxg3+ Ng4 42. Kf1 Kf7 43. Rd3 Rf4+ 44. Ke1 e4 45. Rd2 Kf6 46. Re2 e3 47. Rb2 Rf5 48. Rb4 Kg5 49. Rd4 Rf2 50. Nd8 Rxg2 51. Nf7+ Kf6 52. Nxd6 Ke5 53. Nb5 Nh2 0-1

[Event "GER-ch 79th"]
[Site "Bad Woerishofen "]
[Date "2008.02.15"]
[Round "1"]
[White "Lichmann, Peter"]
[Black "Krause, Ullrich"]
[Result "1-0"]
[WhiteElo "2334"]
[BlackElo "2279"]
[EventDate "2008.02.15"]
[PlyCount "115"]

1. d4 f5 2. Bg5 g6 3. Nc3 Bg7 4. e4 fxe4 5. Nxe4 d5 6. Ng3 Nh6 7. Bxh6 Bxh6 8. h4 Qd6 9. c3 Nc6 10. Bb5 Bd7 11. Bxc6 Bxc6 12. Nf3 Bb5 13. a4 Ba6 14. b4 Bc4 15. Ne5 Qe6 16. Qg4 Qxg4 17. Nxg4 Bf4 18. Ne2 Bxe2 19. Kxe2 h5 20. Ne3 c6 21. Nc2 Bd6 22. Kd3 O-O 23. f3 e5 24. dxe5 Bxe5 25. a5 a6 26. Rae1 Rae8 27. Re2 Bd6 28. Rxe8 Rxe8 29. g4 hxg4 30. fxg4 Re4 31. Rg1 c5 32. bxc5 Bxc5 33. Nd4 Bxd4 34. cxd4 Rf4 35. Kc3 Kf7 36. h5 gxh5 37. gxh5 Rh4 38. Rb1 Rxh5 39. Rxb7+ Ke6 40. Kb4 Rh8 41. Rb6+ Kf5 42. Kc5 Ke4 43. Rxa6 Rh1 44. Re6+ Kd3 45. Kxd5 Ra1 46. Ke5 Rxa5+ 47. d5 Kc4 48. Rc6+ Kb5 49. Rc1 Kb6 50. Kd6 Kb7 51. Ke6 Ra2 52. Kd7 Kb6 53. d6 Ra7+ 54. Rc7 Ra8 55. Rc6+ Kb5 56. Rc8 Ra1 57. Kc7 Kc5 58. d7 1-0

[Event "GER-ch 79th"]
[Site "Bad Woerishofen "]
[Date "2008.02.15"]
[Round "1"]
[White "Meister, Jakob [RUS]"]
[Black "Fridman, Daniel"]
[Result "1/2-1/2"]
[WhiteElo "2491"]
[BlackElo "2628"]
[EventDate "2008.02.15"]
[PlyCount "62"]

1. e4 c6 2. d4 d5 3. Nc3 dxe4 4. Nxe4 Bf5 5. Ng3 Bg6 6. Nf3 Nd7 7. Bd3 e6 8. Bxg6 hxg6 9. Qe2 Ngf6 10. Bd2 Bd6 11. O-O-O Qc7 12. Kb1 Bf4 13. Ne4 Nxe4 14. Qxe4 Bxd2 15. Rxd2 O-O-O 16. h3 Rh5 17. Qe2 Rd5 18. Rhd1 Qf4 19. Rd3 g5 20. Qe3 Qxe3 21. fxe3 f6 22. c4 Rd6 23. Kc2 c5 24. dxc5 Rxd3 25. Rxd3 Nxc5 26. Rxd8+ Kxd8 27. b4 Ne4 28. Kd3 Nf2+ 29. Ke2 Ne4 30. Kd3 Nf2+ 31. Ke2 Ne4 1/2-1/2

[Event "GER-ch 79th"]
[Site "Bad Woerishofen "]
[Date "2008.02.15"]
[Round "1"]
[White "Naumann, Alexander"]
[Black "Huschenbeth, Niclas"]
[Result "1/2-1/2"]
[WhiteElo "2541"]
[BlackElo "2437"]
[EventDate "2008.02.15"]
[PlyCount "65"]

1. d4 Nf6 2. c4 g6 3. Nf3 Bg7 4. g3 d6 5. Bg2 O-O 6. O-O Nc6 7. Nc3 a6 8. h3 Bd7 9. e4 e5 10. dxe5 Nxe5 11. Nxe5 dxe5 12. Be3 Be6 13. Qe2 Nd7 14. Rfd1 c6 15. Rd2 Qa5 16. Nd5 cxd5 17. cxd5 Nc5 18. dxe6 Nxe6 19. Rd5 b5 20. a3 Rfd8 21. Rad1 Rac8 22. h4 Nd4 23. Bxd4 Rxd5 24. exd5 exd4 25. d6 Qd8 26. Bb7 Rb8 27. Bxa6 b4 28. axb4 Qxd6 29. Bc4 Qxb4 30. b3 Rd8 31. Rd3 Qd6 32. Rf3 Bf6 33. Qe4 1/2-1/2

[Event "GER-ch 79th"]
[Site "Bad Woerishofen "]
[Date "2008.02.15"]
[Round "1"]
[White "Paehtz, Elisabeth"]
[Black "Kunin, Vitaly L"]
[Result "0-1"]
[WhiteElo "2420"]
[BlackElo "2538"]
[EventDate "2008.02.15"]
[PlyCount "82"]

1. e4 e5 2. Nf3 Nf6 3. Nxe5 d6 4. Nc4 Nxe4 5. Qe2 Qe7 6. Ne3 Nf6 7. b3 Be6 8. Bb2 Nc6 9. d4 O-O-O 10. Nd2 d5 11. O-O-O g6 12. Kb1 Bh6 13. Nf3 Ne4 14. Qe1 a6 15. Bd3 Rhe8 16. Bxe4 dxe4 17. Ng1 f5 18. g3 Kb8 19. Ne2 Bc8 20. h4 Bg7 21. c3 h6 22. Nc2 g5 23. hxg5 hxg5 24. Qg1 Qf7 25. Bc1 Bf6 26. Qg2 a5 27. Bb2 a4 28. c4 Na5 29. Nc1 f4 30. gxf4 gxf4 31. Qh2 Bg7 32. Rhg1 Bf8 33. Bc3 axb3 34. axb3 Nxb3 35. Nxb3 Qxc4 36. Kb2 Be6 37. d5 Bxd5 38. Rxd5 Rxd5 39. Qxf4 Rb5 40. Ncd4 Bd6 41. Qe3 Bc5 0-1

[Event "GER-ch 79th"]
[Site "Bad Woerishofen "]
[Date "2008.02.15"]
[Round "1"]
[White "Pajeken, Wolfgang"]
[Black "Goy, Udo"]
[Result "1/2-1/2"]
[WhiteElo "2351"]
[BlackElo "2282"]
[EventDate "2008.02.15"]
[PlyCount "219"]

1. Nf3 Nf6 2. c4 g6 3. Nc3 d5 4. cxd5 Nxd5 5. Qa4+ Nc6 6. Ne5 Nxc3 7. bxc3 Bd7 8. Nxd7 Qxd7 9. e4 Bg7 10. Bb5 O-O 11. O-O e5 12. f4 exf4 13. d4 a6 14. Bxc6 bxc6 15. Bxf4 Qe6 16. Rae1 Rfc8 17. Qa5 Qc4 18. e5 Rab8 19. Rb1 Qd5 20. Qxc7 Ra8 21. Qb7 Qxa2 22. Rb3 Rf8 23. Bg5 h6 24. Rb2 Qc4 25. Be7 Qxc3 26. Bxf8 Qxd4+ 27. Rbf2 Rxf8 28. Qxc6 Qxe5 29. Qxa6 Qd5 30. Kh1 h5 31. Qa2 Qb7 32. Qc4 Qd7 33. Rf3 Qb7 34. Rb3 Qd7 35. Rd3 Qb7 36. Qd5 Qc7 37. Qb5 Qe7 38. Rd7 Qe6 39. Qd5 Qxd5 40. Rxd5 Bh6 41. Rfd1 Kg7 42. Rd8 Bg5 43. Rxf8 Kxf8 44. Kg1 Be3+ 45. Kf1 Bf4 46. h3 h4 47. Ke2 Ke7 48. Kf3 Bg3 49. Rd5 Kf6 50. Rb5 Be1 51. Rb6+ Kf5 52. Rb5+ Kf6 53. Rb7 Bg3 54. Ke4 Bh2 55. Kd5 Bg3 56. Ra7 Bh2 57. Kc6 Ke6 58. Ra4 Bg3 59. Re4+ Kf5 60. Re7 f6 61. Kd5 Be5 62. Rb7 g5 63. Rb3 Bf4 64. Rf3 g4 65. hxg4+ Kxg4 66. Ke6 Be5 67. Kd5 Bf4 68. Ke4 f5+ 69. Kd3 Bg3 70. Ke2 f4 71. Rb3 h3 72. gxh3+ Kxh3 73. Kf3 Kh4 74. Rb5 Bh2 75. Rd5 Bg3 76. Ke4 Kg4 77. Rd8 Bh4 78. Rg8+ Bg5 79. Rg7 f3 80. Rf7 Bd2 81. Rg7+ Bg5 82. Rf7 Bd2 83. Rxf3 Kg5 84. Rf5+ Kg6 85. Ke5 Bc3+ 86. Ke6 Kg7 87. Rf7+ Kg8 88. Rc7 Bb2 89. Rc2 Bd4 90. Ke7 Be5 91. Re2 Bd4 92. Ke6 Kg7 93. Rg2+ Kf8 94. Rd2 Bc3 95. Rd7 Bb2 96. Rf7+ Kg8 97. Rf3 Bd4 98. Rf5 Kg7 99. Rf4 Bc3 100. Rg4+ Kf8 101. Rg3 Bb2 102. Rf3+ Kg7 103. Rf7+ Kg8 104. Rf2 Bc3 105. Kf5 Kf8 106. Rf3 Bb2 107. Rb3 Bd4 108. Rf3 Ke7 109. Rd3 Bb2 110. Rd7+ 1/2-1/2

[Event "GER-ch 79th"]
[Site "Bad Woerishofen "]
[Date "2008.02.15"]
[Round "1"]
[White "Reuss, Andreas"]
[Black "Neerforth, Philipp"]
[Result "1/2-1/2"]
[WhiteElo "2326"]
[BlackElo "2258"]
[EventDate "2008.02.15"]
[PlyCount "66"]

1. e4 c5 2. Nf3 d6 3. c4 e5 4. Be2 g6 5. O-O Bg7 6. Nc3 Ne7 7. Ne1 O-O 8. Nc2 Nbc6 9. Ne3 f5 10. exf5 Nxf5 11. Bf3 Ncd4 12. Bd5+ Kh8 13. d3 Bh6 14. Nxf5 Bxc1 15. Nxd4 Bxb2 16. Nde2 Bxa1 17. Qxa1 Qe7 18. Ng3 Rb8 19. Nge4 Bd7 20. Nb5 Bxb5 21. cxb5 Rf5 22. Rc1 Rbf8 23. Rc4 b6 24. Qb2 g5 25. Ra4 g4 26. Qc1 Qg7 27. Qa3 Qh6 28. Qb2 Qe3 29. g3 Qxd3 30. Qb3 Qe2 31. Qc4 Qd1+ 32. Kg2 Qf3+ 33. Kg1 Qd1+ 1/2-1/2

[Event "GER-ch 79th"]
[Site "Bad Woerishofen "]
[Date "2008.02.15"]
[Round "1"]
[White "Salov, Sergej"]
[Black "Heinig, Wolfram"]
[Result "1/2-1/2"]
[WhiteElo "2282"]
[BlackElo "2338"]
[EventDate "2008.02.15"]
[PlyCount "35"]

1. Nf3 Nf6 2. g3 g6 3. Bg2 Bg7 4. O-O O-O 5. d3 c5 6. e4 Nc6 7. Nbd2 d5 8. Re1 e5 9. exd5 Nxd5 10. Nc4 f6 11. c3 Be6 12. a4 Qc7 13. Nfd2 Bf7 14. a5 b5 15. axb6 axb6 16. Rxa8 Rxa8 17. Ne4 Rd8 18. Qa4 1/2-1/2

[Event "GER-ch 79th"]
[Site "Bad Woerishofen "]
[Date "2008.02.15"]
[Round "1"]
[White "Schlenker, Joerg"]
[Black "Riegler, Dieter"]
[Result "1/2-1/2"]
[WhiteElo "2297"]
[BlackElo "2155"]
[EventDate "2008.02.15"]
[PlyCount "66"]

1. Nc3 c5 2. f4 Nc6 3. Nf3 g6 4. e4 Bg7 5. Bb5 Na5 6. O-O a6 7. Be2 Nc6 8. Qe1 d6 9. d3 b5 10. f5 b4 11. Nd5 e6 12. fxe6 fxe6 13. Bg5 Nce7 14. Nxe7 Nxe7 15. c3 bxc3 16. bxc3 O-O 17. Qh4 Ra7 18. d4 Qc7 19. Rad1 cxd4 20. cxd4 Nc6 21. Be3 Qe7 22. Qg3 Ra8 23. h4 Bd7 24. h5 gxh5 25. Bg5 Qe8 26. Qxd6 Rf7 27. Qh2 Rf8 28. Qh4 Qg6 29. e5 Nb4 30. a3 Nd5 31. Bd3 Qe8 32. Qg3 Bb5 33. Nd2 Rxf1+ 1/2-1/2

[Event "GER-ch 79th"]
[Site "Bad Woerishofen "]
[Date "2008.02.15"]
[Round "1"]
[White "Schunk, Thomas"]
[Black "Solonar, Stefan"]
[Result "1/2-1/2"]
[WhiteElo "2284"]
[BlackElo "2371"]
[EventDate "2008.02.15"]
[PlyCount "32"]

1. c4 f5 2. g3 Nf6 3. Bg2 g6 4. Nc3 Bg7 5. d4 d6 6. Nf3 O-O 7. O-O c6 8. Qc2 Na6 9. b3 Bd7 10. Rd1 Qe8 11. e3 Rc8 12. Ne1 g5 13. Nd3 Qg6 14. f4 h6 15. a4 Ne4 16. Bb2 g4 1/2-1/2

[Event "GER-ch 79th"]
[Site "Bad Woerishofen "]
[Date "2008.02.15"]
[Round "1"]
[White "Tabatt, Hendrik"]
[Black "Wehner, Janis"]
[Result "0-1"]
[WhiteElo "2310"]
[BlackElo "2184"]
[EventDate "2008.02.15"]
[PlyCount "131"]

1. Nf3 c5 2. g3 Nf6 3. Bg2 Nc6 4. d4 cxd4 5. Nxd4 g6 6. O-O Bg7 7. Nxc6 dxc6 8. Qxd8+ Kxd8 9. Rd1+ Nd7 10. Nd2 Kc7 11. Nc4 Re8 12. Bf4+ e5 13. Be3 Bf8 14. Bd2 f6 15. Ne3 a5 16. a4 Nc5 17. b3 b6 18. Bc3 Ba6 19. Kf1 f5 20. Ke1 Bh6 21. Bd2 Bg7 22. Bc3 Bh6 23. Nf1 Bg7 24. Nd2 Re7 25. e4 Bh6 26. exf5 gxf5 27. Bf1 Bxf1 28. Kxf1 Bxd2 29. Bxd2 Ne4 30. Be1 f4 31. Rd3 Rf8 32. Kg2 Ng5 33. Bd2 Rd7 34. Rxd7+ Kxd7 35. Re1 Kd6 36. gxf4 exf4 37. f3 Ne6 38. Re4 Rf5 39. Rc4 Rg5+ 40. Kf2 Rh5 41. Kg1 Rg5+ 42. Kh1 Rf5 43. Re4 Kd5 44. Bc1 Kd6 45. h4 Re5 46. Rxe5 Kxe5 47. Kg2 Nd4 48. Bb2 Kd5 49. c4+ Ke5 50. Kf2 c5 51. Bc3 Ke6 52. Bxd4 cxd4 53. Ke2 Kd6 54. Kd3 Kc5 55. Ke4 Kb4 56. Kxd4 Kxb3 57. Kd5 Kb4 58. h5 h6 59. Ke4 Kxc4 60. Kxf4 b5 61. axb5 Kxb5 62. Ke4 Kc4 63. Ke3 Kc3 64. Ke2 a4 65. Kd1 a3 66. Kc1 0-1

[Event "GER-ch 79th"]
[Site "Bad Woerishofen "]
[Date "2008.02.16"]
[Round "2"]
[White "Bastian, Herbert"]
[Black "Schunk, Thomas"]
[Result "0-1"]
[WhiteElo "2385"]
[BlackElo "2284"]
[EventDate "2008.02.15"]
[PlyCount "126"]

1. e4 c5 2. Nc3 Nc6 3. g3 g6 4. Bg2 Bg7 5. d3 d6 6. Be3 Nd4 7. Qd2 h6 8. h3 e5 9. Nce2 Ne7 10. c3 Ndc6 11. Nf3 Bd7 12. O-O Qc7 13. d4 b6 14. Rad1 g5 15. Ne1 Ng6 16. Nc2 Na5 17. Na3 Rd8 18. b4 Nb7 19. Rb1 O-O 20. Kh2 Kh7 21. Rbc1 Rg8 22. Qd3 Qb8 23. Bf3 Bf8 24. d5 Qc8 25. Ng1 Be7 26. Qe2 Rg7 27. Bg4 Rdg8 28. Nb5 Bxg4 29. hxg4 Nf4 30. Qf3 h5 31. gxh5 g4 32. Qh1 Rg5 33. gxf4 Rxh5+ 34. Kg2 Rxh1 35. Kxh1 exf4 36. Bxf4 Qe8 37. Nxa7 Bg5 38. Bxg5 Qxe4+ 39. f3 Qxd5 40. Bf4 Qh5+ 41. Kg2 gxf3+ 42. Kf2 Qh4+ 43. Ke3 Re8+ 44. Kxf3 f5 45. Kg2 Rg8+ 46. Kf3 Qh1+ 47. Ke2 Qe4+ 48. Be3 Rg2+ 49. Rf2 Qc4+ 50. Kd2 Qxa2+ 51. Rc2 Rxf2+ 52. Bxf2 Qxa7 53. bxc5 dxc5 54. Ne2 Nd6 55. Ke1 Qa1+ 56. Rc1 Qb2 57. Rd1 Ne4 58. Rd7+ Kg8 59. Rd8+ Kf7 60. Rd3 Qb1+ 61. Rd1 Qc2 62. Ra1 f4 63. Ra7+ Ke8 0-1

[Event "GER-ch 79th"]
[Site "Bad Woerishofen "]
[Date "2008.02.16"]
[Round "2"]
[White "Braun, Arik"]
[Black "Gustafsson, Jan"]
[Result "1/2-1/2"]
[WhiteElo "2536"]
[BlackElo "2607"]
[EventDate "2008.02.15"]
[PlyCount "28"]

1. d4 d5 2. c4 c6 3. Nf3 Nf6 4. e3 a6 5. Bd3 Bg4 6. O-O e6 7. Nbd2 Nbd7 8. b3 Bf5 9. Qc2 Bxd3 10. Qxd3 Be7 11. e4 dxe4 12. Nxe4 Nxe4 13. Qxe4 O-O 14. Bf4 Re8 1/2-1/2

[Event "GER-ch 79th"]
[Site "Bad Woerishofen "]
[Date "2008.02.16"]
[Round "2"]
[White "Fridman, Daniel"]
[Black "Graf, Felix"]
[Result "1-0"]
[WhiteElo "2628"]
[BlackElo "2177"]
[EventDate "2008.02.15"]
[PlyCount "53"]

1. Nf3 Nf6 2. c4 e6 3. g3 d5 4. b3 Be7 5. Bg2 O-O 6. Bb2 b6 7. O-O Bb7 8. e3 Nbd7 9. Nc3 Ne4 10. Qc2 Ndc5 11. d4 Nxc3 12. dxc5 Ne4 13. cxd5 Bxd5 14. c6 Nd6 15. Ne5 Bxg2 16. Kxg2 Bf6 17. Rfd1 Bxe5 18. Bxe5 Qe7 19. Rd3 f6 20. Bxd6 cxd6 21. Rad1 Rad8 22. c7 Rc8 23. Rxd6 Rxc7 24. Rxe6 Qxe6 25. Qxc7 Rc8 26. Qxa7 Qe4+ 27. Kg1 1-0

[Event "GER-ch 79th"]
[Site "Bad Woerishofen "]
[Date "2008.02.16"]
[Round "2"]
[White "Goy, Udo"]
[Black "Meister, Jakob [RUS]"]
[Result "0-1"]
[WhiteElo "2282"]
[BlackElo "2491"]
[EventDate "2008.02.15"]
[PlyCount "35"]

1. d4 d5 2. c4 dxc4 3. Nf3 a6 4. a4 Nf6 5. e3 Bg4 6. Bxc4 e6 7. h3 Bh5 8. Nc3 Nc6 9. O-O Bd6 10. Qe2 O-O 11. Rd1 Qe7 12. e4 e5 13. g4 Nxd4 14. Rxd4 exd4 15. e5 dxc3 16. exd6 Qxe2 17. Bxe2 Bg6 18. bxc3 0-1

[Event "GER-ch 79th"]
[Site "Bad Woerishofen "]
[Date "2008.02.16"]
[Round "2"]
[White "Heinig, Wolfram"]
[Black "Naumann, Alexander"]
[Result "1/2-1/2"]
[WhiteElo "2338"]
[BlackElo "2541"]
[EventDate "2008.02.15"]
[PlyCount "36"]

1. d4 Nf6 2. c4 e6 3. g3 c5 4. Nf3 cxd4 5. Nxd4 Qb6 6. Bg2 Bc5 7. e3 Nc6 8. Nb3 Bb4+ 9. N1d2 O-O 10. O-O d5 11. cxd5 Nxd5 12. Qe2 Nf6 13. Rd1 e5 14. Ne4 Nxe4 15. Bxe4 Be6 16. Bd5 Bxd5 17. Rxd5 Rad8 18. e4 Rxd5 1/2-1/2

[Event "GER-ch 79th"]
[Site "Bad Woerishofen "]
[Date "2008.02.16"]
[Round "2"]
[White "Henrichs, Thomas"]
[Black "Tabatt, Hendrik"]
[Result "1-0"]
[WhiteElo "2481"]
[BlackElo "2310"]
[EventDate "2008.02.15"]
[PlyCount "59"]

1. e4 e5 2. Nf3 Nc6 3. Bb5 Nge7 4. O-O g6 5. c3 Bg7 6. d4 exd4 7. cxd4 d5 8. exd5 Nxd5 9. Re1+ Be6 10. Bg5 Qd6 11. Nbd2 O-O 12. Nc4 Qb4 13. a4 a6 14. Bd2 Qe7 15. Bxc6 bxc6 16. Qc1 Nb4 17. Ra3 c5 18. Bh6 Rfd8 19. Bxg7 Kxg7 20. Re4 Kg8 21. h4 Qf8 22. Ne3 Rab8 23. h5 Nd5 24. hxg6 hxg6 25. Ng5 Bc8 26. dxc5 Nxe3 27. Raxe3 Bf5 28. Re7 Rb4 29. Nxf7 Rbd4 30. Nxd8 1-0

[Event "GER-ch 79th"]
[Site "Bad Woerishofen "]
[Date "2008.02.16"]
[Round "2"]
[White "Krause, Ullrich"]
[Black "Paehtz, Elisabeth"]
[Result "0-1"]
[WhiteElo "2279"]
[BlackElo "2420"]
[EventDate "2008.02.15"]
[PlyCount "72"]

1. d4 Nf6 2. Nf3 e6 3. g3 c5 4. Bg2 Nc6 5. O-O d5 6. c4 cxd4 7. Nxd4 Bc5 8. Nxc6 bxc6 9. Qc2 Be7 10. b3 O-O 11. Bb2 a5 12. Nd2 a4 13. e4 Ba6 14. Rad1 Qb6 15. exd5 cxd5 16. Nf3 Rab8 17. Bxf6 Bxf6 18. Rfe1 dxc4 19. bxc4 Qa5 20. Rb1 a3 21. Rb3 Rfc8 22. Bf1 g6 23. Ree3 Bb2 24. h4 Bb7 25. Bd3 Bc6 26. Rxb8 Rxb8 27. Qe2 Bc1 28. Re5 Qc3 29. Rc5 Rb6 30. Ne5 Rb2 31. Qf1 Ba4 32. Be2 Rxa2 33. Bd1 Be3 34. Rc8+ Kg7 35. Ng4 Bd4 36. Kg2 Ra1 0-1

[Event "GER-ch 79th"]
[Site "Bad Woerishofen "]
[Date "2008.02.16"]
[Round "2"]
[White "Kritz, Leonid"]
[Black "Markgraf, Alexander"]
[Result "1-0"]
[WhiteElo "2592"]
[BlackElo "2442"]
[EventDate "2008.02.15"]
[PlyCount "191"]

1. e4 c5 2. Nf3 e6 3. d4 cxd4 4. Nxd4 Nc6 5. Nb5 d6 6. c4 Nf6 7. N1c3 a6 8. Na3 b6 9. Be2 Bb7 10. Be3 Be7 11. Qb3 Nd7 12. O-O Nc5 13. Qc2 O-O 14. Rfd1 Qc7 15. f3 Rfe8 16. Qd2 Rac8 17. Bf1 Nd7 18. Rac1 Qb8 19. Nc2 Nce5 20. b3 Ng6 21. Nd4 Bd8 22. Nde2 Bc7 23. Ng3 Nf6 24. Qf2 Ba8 25. Na4 Nd7 26. Kh1 Bc6 27. Nc3 Nf6 28. Bd4 Ne5 29. a4 Rcd8 30. b4 Ba8 31. Rb1 h5 32. Nge2 d5 33. exd5 exd5 34. c5 bxc5 35. Bxc5 Ng6 36. Ba7 Qc8 37. Bd4 h4 38. b5 Nh5 39. bxa6 Qxa6 40. Bb6 Bxb6 41. Qxb6 Qc8 42. h3 Qf5 43. Qd4 Nf6 44. Qd3 Qe5 45. Nd4 Nh5 46. Nce2 Ngf4 47. Nxf4 Qxf4 48. Kg1 g6 49. Qd2 Qf6 50. Re1 Nf4 51. Kh1 Qg5 52. Rxe8+ Rxe8 53. Re1 Re5 54. a5 Qf6 55. Rxe5 Qxe5 56. Qf2 Nh5 57. Kg1 Ng3 58. Qd2 Nxf1 59. Kxf1 Bb7 60. f4 Ba6+ 61. Kf2 Qc7 62. Kg1 Qc5 63. Kh2 Qc7 64. Kh1 Bc4 65. Nf3 Qd6 66. f5 Qf6 67. fxg6 fxg6 68. Qe1 Kg7 69. Nxh4 d4 70. Nf3 Bd5 71. Nd2 Bb7 72. Qg3 Qc6 73. Kh2 Qc5 74. Qf4 Qd5 75. Nf3 d3 76. Qc7+ Kh6 77. Kg3 g5 78. Qc3 Qd6+ 79. Qe5 Qxe5+ 80. Nxe5 d2 81. Ng4+ Kg6 82. Ne3 Kf6 83. Kf2 Ba6 84. Nd1 Ke5 85. Ke3 Bf1 86. g3 Bxh3 87. Kxd2 Bg2 88. Ke3 Bb7 89. Nc3 Kf5 90. Kd4 Kg4 91. Ne4 Ba8 92. a6 Kf3 93. Nxg5+ Kxg3 94. Ne6 Kg4 95. Nc7 Bg2 96. Nd5 1-0

[Event "GER-ch 79th"]
[Site "Bad Woerishofen "]
[Date "2008.02.16"]
[Round "2"]
[White "Kunin, Vitaly L"]
[Black "Grimberg, Boris"]
[Result "1-0"]
[WhiteElo "2538"]
[BlackElo "2261"]
[EventDate "2008.02.15"]
[PlyCount "61"]

1. d4 f5 2. Nf3 Nf6 3. g3 g6 4. c3 Bg7 5. Qb3 e6 6. Bg2 O-O 7. O-O d5 8. Ne5 Nbd7 9. Bg5 Qe8 10. Bf4 Ne4 11. Nxd7 Qxd7 12. f3 Nd6 13. Nd2 b6 14. e4 c6 15. a4 Ba6 16. Rfe1 Nf7 17. exf5 exf5 18. a5 g5 19. Be5 Nxe5 20. dxe5 Qe7 21. Kh1 Qc5 22. f4 gxf4 23. gxf4 Bh6 24. Nf3 Qf2 25. Qa4 c5 26. Qc6 Bxf4 27. axb6 axb6 28. e6 Be2 29. Rxa8 Rxa8 30. Qxa8+ Kg7 31. e7 1-0